[Event "BIH-chT"]
[Site "Bihac"]
[Date "1999.08.29"]
[Round "9"]
[White "Mohr, Georg"]
[Black "Glavas, Dragan"]
[Result "1-0"]
[WhiteElo "2483"]
[BlackElo "2261"]

1.c4 c6 2.e4 e6 3.d4 d5 4.exd5 exd5 5.cxd5 Qxd5 6.Nc3 Bb4 7.Nf3 Ne7 8.a3 Bxc3+
9.bxc3 Bg4 10.Be2 b5 11.a4 O-O 12.O-O Nd7 13.h3 Bh5 14.Ba3 Rfe8 15.g4 Bg6
16.Nd2 Qg5 17.Bxe7 Rxe7 18.Bf3 Rae8 19.Bxc6 Bd3 20.Nf3 Qg6 21.Bxd7 Bxf1 22.Ne5 Rxe5
23.dxe5 Bxh3 24.Bxe8 Bxg4 25.Bxf7+ Kxf7 26.Qd5+ Be6+ 27.Qg2 Qd3 28.axb5 Bd5
29.Qg4 Qxc3 30.Rxa7+ Ke8 31.Qd7+  1-0

[Event "JUG-chT playoff"]
[Site "Vrnjacka Banja"]
[Date "1999.08.31"]
[Round "3"]
[White "Bakic, Rados"]
[Black "Pajkovic, Vladimir"]
[Result "1/2-1/2"]
[WhiteElo "2414"]
[BlackElo "2430"]

1.c4 c6 2.e4 d6 3.d4 Nf6 4.Nc3 Nbd7 5.Bd3 e5 6.d5 Be7 7.Nf3 O-O 8.h3 Nc5
9.Bc2 a5 10.Be3 cxd5 11.cxd5 b6 12.O-O Ba6 13.Re1 Rc8 14.a3 g6 15.Rc1 Nh5
16.Bh6 Ng7 17.b4 Nd7 18.Bd3 Nb8 19.Qe2 Bxd3 20.Qxd3 Qd7 21.Qb5 axb4 22.axb4 Qxb5
23.Nxb5 Na6 24.Rxc8 Rxc8 25.Na7 Rc4 26.Nc6 Bf8 27.Nd2 Rc2 28.Ra1 Nc7 29.Be3 f5
30.Bxb6 Nb5 31.Nf1 Nc3 32.Ng3 Rd2 33.Ra8 Nxe4 34.Nd8 Be7 35.Nc6+ Bf8 36.Nd8 Be7
37.Nc6+ Bf8  1/2-1/2

[Event "SoLett op"]
[Site "Skelleftea"]
[Date "1999.09.02"]
[Round "4"]
[White "Lucena, Lincoln"]
[Black "Tikkanen, Kari"]
[Result "1/2-1/2"]
[WhiteElo "2249"]
[BlackElo "2332"]

1.c4 c6 2.Nf3 d5 3.cxd5 cxd5 4.g3 Nc6 5.d4 Nf6 6.Bg2 Bf5 7.O-O e6 8.Nc3 h6
9.Bf4 Bd6 10.Qb3 Rb8 11.Rac1 Bxf4 12.gxf4 O-O 13.e3 Ne4 14.Ne2 Bg4 15.Qd1 f6
16.h3 Bf5 17.Ng3 Bh7 18.Nd2 Nd6 19.a3 Rf7 20.Nb3 Rc7 21.Nc5 Qe7 22.Qg4 f5
23.Qe2 Bg6 24.Rc3 Rbc8 25.Rfc1 Na5 26.b4 Nac4 27.a4 Be8 28.Qa2 Ra8 29.Kh2 a5
30.b5 b6 31.Nd3 Rac8 32.Qc2 Kf8 33.Qa2 Nf7 34.R3c2 Ncd6 35.Ne5 Nxe5 36.dxe5 Nb7
37.Ne2 Rxc2 38.Rxc2 Rxc2 39.Qxc2 Qc5 40.Qd1 Bh5 41.Qd2 Bxe2 42.Qxe2 Qc4 43.Qh5 Qxa4
44.Bxd5 exd5 45.Qxf5+ Ke7 46.Qg6 Kf8 47.Qf5+  1/2-1/2

[Event "Budapest FS09 IM-B"]
[Site "Budapest"]
[Date "1999.09.04"]
[Round "1"]
[White "Leer Salvesen, Bjarte"]
[Black "Ruiz Gonzalez, Guillermo"]
[Result "1/2-1/2"]
[WhiteElo "2261"]
[BlackElo "2309"]

1.c4 c6 2.Nf3 d5 3.cxd5 cxd5 4.d4 Nc6 5.Nc3 Nf6 6.Bf4 a6 7.e3 g6 8.Ne5 Bg7
9.Qa4 Bd7 10.Nxd7 Qxd7 11.Bd3 O-O 12.O-O b5 13.Qd1 Rfc8 14.h3 e6 15.Rc1 Ne8
16.Qe2 Nd6 17.a4 b4 18.Nb1 a5 19.Ba6 Rcb8 20.Bb5 Rb6 21.Bxd6 Qxd6 22.Nd2 Na7
23.Bd3 Qd7 24.Qd1 Rc6 25.Rxc6 Qxc6 26.Qa1 Rc8 27.Nb3 Qb6 28.Rc1 Rxc1+ 29.Qxc1 Bf8
30.Qc2 Bd6 31.Be2 Kf8 32.Qd3 Ke7 33.Qa6 Qxa6 34.Bxa6 Bc7 35.Kf1 Bb6 36.Ke2 Kd6
37.Kd3 Nc6 38.Bb5 f6 39.Bxc6 Kxc6 40.g4 Kd6 41.f4 e5 42.fxe5+ fxe5 43.dxe5+ Kxe5
44.Nd2 Bd8 45.Nf3+ Kd6 46.b3 Be7 47.e4 Bf6 48.Ke3 Ke6 49.Nd4+ Bxd4+ 50.Kxd4 dxe4
51.Kxe4 g5 52.Kd4  1/2-1/2

[Event "CRO-chT"]
[Site "Pula"]
[Date "1999.09.10"]
[Round "2"]
[White "Ribli, Zoltan"]
[Black "Varga, Zoltan"]
[Result "0-1"]
[WhiteElo "2586"]
[BlackElo "2541"]

1.c4 c6 2.e4 e5 3.Nf3 Nf6 4.Nc3 Bb4 5.Nxe5 Qe7 6.Nf3 Nxe4 7.Be2 O-O 8.O-O f5
9.Qc2 d6 10.d3 Nf6 11.a3 Ba5 12.Re1 Qf7 13.Bf4 Rd8 14.b4 Bc7 15.Ng5 Qd7 16.Bf3 Re8
17.h4 h6 18.c5 hxg5 19.hxg5 Ng4 20.cxd6 Bb6 21.d4 Bxd4 22.Bxg4 fxg4 23.Qd2 c5
24.Rxe8+ Qxe8 25.Re1 Qf7 26.Nb5 Nc6 27.Nc7 Rb8 28.b5 Bd7 29.bxc6 bxc6 30.Be3 Rb2
31.Qc1 g3 32.fxg3 Qa2 33.Bxd4 Rxg2+ 34.Kf1 cxd4 35.Qf4 Rh2  0-1

[Event "CRO-chT"]
[Site "Pula"]
[Date "1999.09.12"]
[Round "4"]
[White "Bistric, Faruk"]
[Black "Anic, Darko"]
[Result "0-1"]
[WhiteElo "2466"]
[BlackElo "2467"]

1.c4 c6 2.e4 e5 3.Nf3 d6 4.d4 Bg4 5.Be2 Nd7 6.O-O Ngf6 7.Nc3 Be7 8.Be3 O-O
9.Nd2 Bxe2 10.Qxe2 exd4 11.Bxd4 Re8 12.f4 Nf8 13.Rad1 N6d7 14.Nf3 Bf6 15.Kh1 Qc7
16.Qf2 Ne6 17.Bxf6 Nxf6 18.Qh4 Nf8 19.c5 Nxe4 20.Nxe4 Rxe4 21.cxd6 Qd8 22.Qg3 Qf6
23.Ne5 Rd8 24.d7 Ne6 25.Ng4 Qg6 26.Qh3 h5 27.Ne5 Qf6 28.Qxh5 Nxf4 29.Qxf7+ Qxf7
30.Nxf7 Kxf7 31.g3 Ke7 32.gxf4 Rxd7 33.Rxd7+ Kxd7 34.Rg1 Re7 35.b3 Ke6 36.Kg2 Rd7
37.Kf3 Kf6 38.Ke3 Rd5 39.h3 a5 40.Rh1 Rh5 41.h4 g6 42.Ke4 a4 43.Rh3 Rc5 44.Rd3 axb3
45.axb3 Rb5 46.Rd6+ Kg7 47.Rd3 Kf6 48.Rd6+ Kf7 49.Rd3 Ke6 50.Re3 Kf6 51.Rc3 Ke6
52.Re3 Rd5 53.Rg3 Kf6 54.Rc3 Rd1 55.Rh3 Re1+ 56.Kd3 Kf5 57.Rg3 Rh1 58.Rg5+ Kf6
59.Rg4 b5 60.Kd4 Rh3 61.Kc5 Rxb3 62.Kxc6 Rb1 63.Rg5 Rh1 64.Kd5 Rxh4 65.Ke4 Rh5
66.Rg1 Re5+  0-1

[Event "Wch U20 Girls"]
[Site "Yerevan"]
[Date "1999.09.21"]
[Round "4"]
[White "Gasparian, Marinna"]
[Black "Matras, Agnieszka"]
[Result "1/2-1/2"]
[WhiteElo "2075"]
[BlackElo "2146"]

1.c4 c6 2.Nc3 d5 3.cxd5 cxd5 4.d4 Nc6 5.Bf4 Nf6 6.e3 Bg4 7.Qb3 Na5 8.Qa4+ Nc6
9.Nb5 Rc8 10.Nxa7 e5 11.Nxc6 bxc6 12.dxe5 Qb6 13.Be2 Qxb2 14.Qd1 Ne4 15.f3 Bb4+
16.Kf1 Nd2+ 17.Kf2 Bc3 18.Rc1 Bf5 19.e4 dxe4 20.Rxc3 Qxc3 21.Qxd2 Qxd2 22.Bxd2 Ra8
23.Bc4 Be6 24.Bxe6  1/2-1/2

[Event "Paks 09 IM"]
[Site "Paks"]
[Date "1999.09.24"]
[Round "4"]
[White "Farkas, Tibor"]
[Black "Macsik, Tamas"]
[Result "1-0"]
[WhiteElo "2288"]
[BlackElo "2184"]

1.c4 c6 2.e4 d5 3.exd5 cxd5 4.d4 Nc6 5.Nc3 e6 6.Nf3 Nf6 7.Bg5 Be7 8.c5 O-O
9.Bb5 Bd7 10.O-O Ne4 11.Bxe7 Nxe7 12.Bxd7 Nxc3 13.bxc3 Qxd7 14.Ne5 Qc7 15.Qa4 f6
16.Nd3 Nc6 17.Rab1 Na5 18.Rfe1 Rfe8 19.Nf4 Kf7 20.g3 b6 21.Qc2 g6 22.cxb6 axb6
23.h4 Nc4 24.h5 f5 25.hxg6+ hxg6 26.Qe2 Qd6 27.Nd3 Ra7 28.Ne5+ Nxe5 29.dxe5 Qc5
30.Qd2 Rh8 31.Qg5 Qe7 32.Qxe7+ Kxe7 33.Rxb6 Rc8 34.Kg2 Rxc3 35.Rh1 Kf8 36.Rb8+ Kg7
37.Rbh8 g5 38.R8h7+ Kg8 39.Rxa7  1-0

[Event "Paks 09 GM"]
[Site "Paks"]
[Date "1999.09.26"]
[Round "6"]
[White "Ruck, Robert"]
[Black "Videki, Sandor"]
[Result "1-0"]
[WhiteElo "2485"]
[BlackElo "2445"]

1.c4 c6 2.b3 d5 3.Bb2 Nf6 4.g3 Bg4 5.Bg2 e6 6.Nf3 Nbd7 7.O-O Be7 8.d3 O-O
9.Nbd2 a5 10.a3 Qb8 11.h3 Bh5 12.Qc2 Rc8 13.e4 dxe4 14.dxe4 e5 15.Nh4 Ne8
16.Nf5 Bc5 17.Nf3 f6 18.Bc3 Bf8 19.b4 axb4 20.axb4 Rxa1 21.Rxa1 Bf7 22.Nd2 Nc7
23.Bf1 Ne6 24.Nb3 c5 25.bxc5 Ndxc5 26.Ne3 Ng5 27.Nd2 Bg6 28.Bg2 Rd8 29.h4 Nge6
30.Nd1 Qd6 31.Qb2 Qc6 32.Qa2 Kh8 33.Qa5 Qa6 34.Qb4 Qc6 35.Qb1 Na6 36.Qb2 Bc5
37.Nb3 Qd6 38.Na5 Rb8 39.Nxb7 Qc6 40.Qb5 Qxb7 41.Qxb7 Rxb7 42.Rxa6 Nf8 43.Ra8 Kg8
44.Rc8 Ba3 45.c5  1-0

[Event "Najdorf mem op"]
[Site "Buenos Aires"]
[Date "1999.09.29"]
[Round "8"]
[White "Giardelli, Sergio C"]
[Black "Tempone, Marcelo"]
[Result "0-1"]
[WhiteElo "2437"]
[BlackElo "2423"]

1.c4 c6 2.g3 d5 3.Bg2 Nf6 4.Qc2 e6 5.Nf3 Nbd7 6.O-O Bd6 7.d4 O-O 8.b3 Ne4
9.Bb2 Qe7 10.e3 f5 11.Ne5 g5 12.f3 Nef6 13.a3 g4 14.f4 Ne4 15.Bxe4 dxe4 16.Nc3 Nf6
17.b4 Bd7 18.b5 cxb5 19.Nxd7 Qxd7 20.Nxb5 Be7 21.Qb3 a6 22.Nc3 b5 23.cxb5 Nd5
24.Nxd5 exd5 25.Rfc1 axb5 26.Rc5 Bxc5 27.dxc5 Ra4 28.Rd1 Rc4 29.Bd4 h6 30.Ba1 Kh7
31.Qb2 d4 32.exd4 Qd5 33.Re1 Ra8 34.Re3 b4 35.axb4 Ra2  0-1

[Event "Popel mem 2nd"]
[Site "Lvov"]
[Date "1999.10.01"]
[Round "9"]
[White "Sulipa, Aleksandar"]
[Black "Koziak, Vitali"]
[Result "1/2-1/2"]
[WhiteElo "2434"]
[BlackElo "2466"]

1.c4 c6 2.Nf3 d5 3.b3 Nf6 4.Bb2 Bg4 5.e3 e6 6.Be2 Be7 7.O-O O-O 8.h3 Bh5
9.Nc3 Nbd7 10.Nd4 Bxe2 11.Qxe2 Re8 12.f4 Bf8 13.Rae1 g6 14.Qf2  1/2-1/2

[Event "EU-ch U20 Girls"]
[Site "Patras"]
[Date "1999.10.06"]
[Round "2"]
[White "Reizniece, Dana"]
[Black "Nill, Jessica"]
[Result "0-1"]
[WhiteElo "2294"]
[BlackElo "2168"]

1.c4 c6 2.Nf3 d5 3.b3 Bf5 4.Bb2 e6 5.g3 Nf6 6.d3 h6 7.Bg2 Be7 8.O-O O-O 9.Nc3 Nbd7
10.Qe1 Bh7 11.e4 dxe4 12.dxe4 Nc5 13.Rd1 Qc7 14.Nd4 Rad8 15.Qe2 e5 16.Nf5 Ne6
17.Nxe7+ Qxe7 18.h3 Rxd1 19.Nxd1 Nd4 20.Qe3 Rd8 21.Nc3 a6 22.f4 exf4 23.gxf4 Qc5
24.Qf2 Nh5 25.Kh2 Ne6 26.Qh4 Nhxf4 27.Rxf4 Qe5 28.Nd5 Qxb2 29.Ne7+ Kh8 30.Rxf7 Rd2
31.Qg4 h5 32.Qf3 Qe5+ 33.Kg1 Qa1+ 34.Kh2 Qe5+ 35.Kg1 Qa1+ 36.Bf1 Qd4+ 37.Kh1 Bxe4
38.Ng6+ Bxg6 39.Rf5 Bxf5 40.Qxh5+ Kg8 41.Qxf5 Qe3 42.Qg6 Qf3+  0-1

[Event "Asia-chT"]
[Site "Shenyang"]
[Date "1999.10.10"]
[Round "1"]
[White "Khamdamov, Suhrob"]
[Black "Prakash, G B."]
[Result "0-1"]
[WhiteElo "2157"]
[BlackElo "2438"]

1.c4 c6 2.e4 d5 3.exd5 cxd5 4.d4 Nf6 5.Nc3 e6 6.Nf3 Bb4 7.Qa4+ Nc6 8.Ne5 Qa5
9.Qxa5 Bxa5 10.Be3 Ne4 11.Rc1 Nxe5 12.dxe5 dxc4 13.Bxc4 Bd7 14.Bd3 Nxc3 15.bxc3 O-O
16.Ke2 Bc6 17.f3 Bb6 18.Bd4 Rfd8 19.Ke3 Rd5 20.f4 g5 21.Bc4 Bxd4+ 22.cxd4 gxf4+
23.Kd3 Rd7 24.Rcf1 Kh8 25.Rxf4 Bxg2 26.Rc1 Rc7 27.Rc2 Rg8 28.Rcf2 Rg7 29.Bxe6 fxe6
30.Rf8+ Rg8 31.Rxg8+ Kxg8 32.Rxg2+ Kf8 33.Ke4 b5 34.Rf2+ Ke7 35.Rg2 Kf7 36.Rb2 a6
37.h4 Rc1 38.a4 bxa4 39.Rb6 Rh1 40.Rxa6 Rxh4+ 41.Kd3 a3 42.Kc4 Rh3 43.Kc5 Rd3
44.Kc4 Re3 45.Kc5 h5 46.Kd6 h4 47.Ra7+ Kg6 48.Kxe6 h3 49.Rc7 h2 50.Rc1 Rg3
51.Rh1 a2 52.d5 Rg1 53.Rxh2 a1=Q 54.d6  0-1

[Event "Seeburg op 1st"]
[Site "Lucern"]
[Date "1999.10.12"]
[Round "7"]
[White "Habibi, Ali"]
[Black "Koestinger, D."]
[Result "1-0"]
[WhiteElo "2343"]
[BlackElo "2259"]

1.c4 c6 2.b3 d5 3.Nf3 Bg4 4.e3 Nd7 5.Bb2 Ngf6 6.Be2 e6 7.a3 a5 8.Nc3 h6 9.h3 Bf5
10.d3 dxc4 11.bxc4 Be7 12.O-O O-O 13.Re1 Qc7 14.e4 Bg6 15.Rc1 e5 16.Na4 Rfd8
17.c5 Re8 18.Qb3 Bf8 19.Nh4 Kh7 20.Qc4 Nh5 21.Nxg6 fxg6 22.Bxh5 gxh5 23.Qf7 Qd8
24.Qxh5 g6 25.Qd1 Bg7 26.Rb1 Re7 27.Bc1 Qc7 28.Qb3 Nf8 29.Nb6 Rd8 30.Be3 Ne6
31.Qc3 Nd4 32.Qxa5 Rf7 33.Nc4 Qxa5 34.Nxa5 Nc2 35.Red1 Nxa3 36.Rxb7 Rxb7
37.Nxb7 Rb8 38.Na5 Rc8 39.Ra1 Nc2 40.Rc1 Nxe3 41.fxe3 h5 42.Kf2 Rf8+ 43.Ke2 Rc8
44.Rb1 Bf8 45.d4 exd4 46.exd4 Ra8 47.Nxc6 Ra2+ 48.Kf1 Kh6 49.e5 Ra6 50.Rb6 Ra1+
51.Kf2 Kg5 52.Nb4 Rd1 53.Ke3 Re1+ 54.Kd3 Rg1 55.Rf6 Bg7 56.h4+ Kh6 57.Rf2 g5
58.hxg5+ Kxg5 59.c6 Rd1+ 60.Kc4 Rc1+ 61.Rc2 Rf1 62.c7 Rf8 63.Kd5  1-0

[Event "EU-ch U20"]
[Site "Patras"]
[Date "1999.10.14"]
[Round "9"]
[White "Johannessen, Leif Erlend"]
[Black "Skytte, Rasmus"]
[Result "1/2-1/2"]
[WhiteElo "2356"]
[BlackElo "2338"]

1.c4 c6 2.Nf3 d5 3.d4 Nf6 4.g3 e6 5.Nc3 dxc4 6.Bg2 b5 7.O-O Be7 8.a4 b4 9.Nb1 O-O
10.Ne5 Bb7  1/2-1/2

[Event "EU-ch U20 Girls"]
[Site "Patras"]
[Date "1999.10.16"]
[Round "11"]
[White "Reizniece, Dana"]
[Black "Tkeshelashvili, Sofia"]
[Result "0-1"]
[WhiteElo "2294"]
[BlackElo "2284"]

1.c4 c6 2.Nf3 d5 3.e3 Nf6 4.Nc3 e6 5.b3 Bd6 6.Bb2 O-O 7.d4 Nbd7 8.Bd3 e5
9.dxe5 Nxe5 10.Nxe5 Bxe5 11.cxd5 cxd5 12.h3 Ne4 13.Qc2 Bf5 14.Bxe4 dxe4 15.Rd1 Qg5
16.g4 Bg6 17.Qe2 h5 18.Nd5 Bxb2 19.Qxb2 Rad8 20.Qd4 f5 21.gxf5 Bxf5 22.Ke2 Bxh3
23.Rhg1 Bg4+ 24.Ke1 Qh4 25.Rd2 Rc8 26.Qb2 Rf5 27.Qa3 Rd8 28.Ne7+ Kh7 29.Nxf5 Rxd2
30.Kxd2 Qxf2+ 31.Kc3 Qxg1 32.Qf8 Qa1+ 33.Kb4 Qf6 34.Qxf6 gxf6 35.Nd6 f5  0-1

[Event "Wichern op 5th"]
[Site "Hamburg"]
[Date "1999.10.22"]
[Round "9"]
[White "Rogers, Ian"]
[Black "Saltaev, Mihail"]
[Result "1-0"]
[WhiteElo "2574"]
[BlackElo "2480"]

1.c4 c6 2.e4 d5 3.exd5 cxd5 4.d4 Nf6 5.Nc3 Nc6 6.Bg5 Qa5 7.Bxf6 exf6 8.cxd5 Bb4
9.Qe2+ Ne7 10.Qb5+ Bd7 11.Qxa5 Bxa5 12.Bd3 Nxd5 13.Ne2 Nb4 14.Bb1 O-O 15.O-O Rfe8
16.Be4 Nc6 17.Rfd1 Rad8 18.Bf3 Bf5 19.Kf1 Bb6 20.Nd5 Ba5 21.Ne3 Be4 22.Bxe4 Rxe4
23.d5 Ne5 24.Rd4 Rxd4 25.Nxd4 Nd3 26.Rd1 Nb4 27.Ne2 Bb6 28.Nc3 Kf8 29.a3 Na6
30.Nc4 Nc5 31.b4 Nd7 32.Nd6 Rb8 33.Nce4 g6 34.Rc1 f5 35.Nc5 Nf6 36.Ndxb7 Bxc5
37.Nxc5 Rd8 38.Rd1 Nxd5 39.Rd3 Ke7 40.Ke1 Nf4 41.Rxd8 Kxd8 42.g3 Nd5 43.Kd2 h5
44.Kd3 f4 45.Kd4 fxg3 46.fxg3 Nf6 47.Ne4 Ng4 48.h3 Nh6 49.Nd6 Kd7 50.Kd5 f6
51.a4 Ng8 52.b5 Ne7+ 53.Kc5 f5 54.h4 Ng8 55.a5 Nf6 56.b6 axb6+ 57.axb6 Ng4
58.Nf7 g5 59.hxg5 f4 60.gxf4 h4 61.g6 h3 62.g7 Nf6 63.Ne5+ Kd8 64.Ng4 Ng8
65.Kb5  1-0

[Event "Wichern op 5th"]
[Site "Hamburg"]
[Date "1999.10.22"]
[Round "9"]
[White "Lerner, Konstantin Z"]
[Black "Rausis, Igors"]
[Result "1-0"]
[WhiteElo "2588"]
[BlackElo "2496"]

1.c4 c6 2.e4 d5 3.exd5 cxd5 4.d4 Nf6 5.Nc3 e6 6.Nf3 Be7 7.cxd5 Nxd5 8.Bd3 O-O
9.O-O Nf6 10.Re1 Bd7 11.Bg5 Bc6 12.Qe2 Nbd7 13.Rad1 Re8 14.Bb1 Nd5 15.h4 Rc8
16.Ne4 Nf8 17.Ne5 Ba4 18.b3 Bc6 19.Qh5 f6 20.Nxf6+ Nxf6 21.Bxf6 g6 22.Bxe7 Qxe7
23.Qg4 Bd5 24.Re3 Qf6 25.Rg3 Re7 26.h5 Rg7 27.hxg6 hxg6 28.Rh3 Rcc7 29.Qg3 Nh7
30.Rh6 Ng5 31.Ng4 Qf8 32.Qe5 Nh7 33.Bxg6  1-0

[Event "Wch U18 Girls"]
[Site "Oropesa del Mar"]
[Date "1999.10.25"]
[Round "2"]
[White "Reizniece, Dana"]
[Black "Zarkovic, Danijela"]
[Result "1-0"]
[WhiteElo "2294"]
[BlackElo "2090"]

1.c4 c6 2.Nf3 d5 3.e3 Nf6 4.Nc3 e6 5.b3 Be7 6.Bb2 O-O 7.Be2 b6 8.Qc2 a5 9.O-O Ba6
10.Rad1 Qc7 11.d4  1-0

[Event "Extraliga CZE"]
[Site "Ostrava CZE"]
[Date "1999.11.01"]
[Round "2"]
[White "Zigo,V"]
[Black "Pacl,V"]
[Result "1/2-1/2"]
[WhiteElo "2309"]
[BlackElo "2285"]

1.c4 c6 2.d4 d5 3.e3 Nf6 4.Nf3 Bg4 5.h3 Bxf3 6.gxf3 e6 7.Nc3 Nbd7 8.f4 Be7
9.Bd3 O-O 10.b3 c5 11.cxd5 exd5 12.dxc5 Nxc5 13.Bb2 Nfe4  1/2-1/2

[Event "Chigorin mem"]
[Site "St Petersburg"]
[Date "1999.11.03"]
[Round "2"]
[White "Shchekachev, Andrei"]
[Black "Novitzkij, Dmitrij"]
[Result "1-0"]
[WhiteElo "2505"]
[BlackElo "2284"]

1.c4 c6 2.e4 d5 3.exd5 cxd5 4.d4 Nf6 5.Nc3 g6 6.cxd5 Bg7 7.Bc4 O-O 8.Nf3 Nbd7
9.O-O Nb6 10.Bb3 Nbxd5 11.Ne5 Be6 12.Qf3 Nxc3 13.bxc3 Bd5 14.Qe2 Bxb3 15.axb3 Qb6
16.Ra3 a6 17.Bb2 Rfd8 18.Qf3 Rac8 19.c4 e6 20.Rfa1 Qc7 21.Ra5 Ne8 22.Rc5 Qe7
23.Rxc8 Rxc8 24.Re1 Qc7 25.h3 Nd6 26.Bc3 Rd8 27.g4 Nc8 28.Ra1 f6 29.Nd3 e5
30.Nc5 Qe7 31.Qxb7 exd4 32.Qxe7 Nxe7 33.Bd2 Nc6 34.Rxa6 Rc8 35.Kg2 f5 36.gxf5 gxf5
37.Nd3 Kf7 38.Bf4 Ne7 39.c5 Nd5 40.b4 Bf6 41.Kf3 Be7 42.Be5 Ke8 43.Bxd4 Rb8
44.Ra4 Kd7 45.Be5 Rb7 46.Bf4 Kc6 47.Bd2 Kb5 48.Ra5+ Kc4 49.c6 Rc7 50.Nb2+ Kd4
51.b5 Bd6 52.Ra8 Kc5 53.Rd8 Be7 54.Rb8 Bd6 55.Na4+ Kc4 56.Nb6+ Nxb6 57.Rxb6 Ra7
58.Be3 Ra3 59.c7  1-0

[Event "Bundesliga 9900"]
[Site "Germany"]
[Date "1999.11.07"]
[Round "4"]
[White "Hort, Vlastimil"]
[Black "Schmidt, Bodo"]
[Result "1/2-1/2"]
[WhiteElo "2535"]
[BlackElo "2384"]

1.c4 c6 2.d4 d5 3.Nf3 Nf6 4.Qb3 a6 5.Nc3 e6 6.Bg5 dxc4 7.Qxc4 b5 8.Qb3 c5
9.Bxf6 Qxf6 10.Ne4 Qd8 11.dxc5 Bb7 12.Nfd2 Bxe4 13.Nxe4 Qd4 14.Nd2 Bxc5 15.e3 Qd6
16.Bd3 Nd7 17.O-O Qb6 18.a4 Rb8 19.axb5 axb5 20.Qc2 Ne5 21.Be2 O-O 22.Nb3 Be7
23.Rfc1 Nc4 24.Bxc4 bxc4 25.Na5 Qxb2 26.Qxb2 Rxb2 27.Nxc4 Rb7 28.Na5  1/2-1/2

[Event "Chigorin mem"]
[Site "St Petersburg"]
[Date "1999.11.08"]
[Round "7"]
[White "Feoktistov, Alexey A"]
[Black "Evseev, Denis"]
[Result "0-1"]
[WhiteElo "2359"]
[BlackElo "2539"]

1.c4 c6 2.Nf3 d5 3.e3 Nf6 4.Nc3 e6 5.Be2 Nbd7 6.O-O Bd6 7.d4 O-O 8.Qc2 dxc4
9.Bxc4 b5 10.Be2 Bb7 11.e4 e5 12.Bg5 exd4 13.Nxd4 Qc7 14.g3 Rfe8 15.Rac1 Rac8
16.Qd2 Qb8 17.Nf5 Bf8 18.f3 h6 19.Bf4 Ne5 20.Nd1 a6 21.Nf2 Qa7 22.Nd6 Bxd6
23.Qxd6 Ng6 24.Bd2 Rcd8 25.Qb4 c5 26.Qa5 c4 27.b3 Bxe4 28.bxc4 Ba8 29.cxb5 Qd7
30.Bc3 Rxe2 31.Bxf6 Rde8 32.Ba1 Qf5 33.Qc3 Ne5 34.Ne4 Rxe4 35.Rf2 Rc4 36.Qa3 Rxc1+
37.Qxc1 Nxf3+ 38.Kf1 Qh3+ 39.Rg2 Nxh2+  0-1

[Event "ch-ESP (team) Div 2"]
[Site "Cala Galdana ESP"]
[Date "1999.11.09"]
[Round "2"]
[White "Barrero Garcia,C"]
[Black "Santos Izquierdo,F"]
[Result "1/2-1/2"]
[WhiteElo "2314"]
[BlackElo "2305"]

1.c4 c6 2.Nf3 d5 3.b3 Bg4 4.Bb2 Nf6 5.e3 e6 6.h3 Bh5 7.Be2 Nbd7 8.O-O Bd6
9.Nc3 O-O 10.cxd5 Bxf3 11.Bxf3 exd5 12.Qc2 Re8 13.d4 Qe7 14.Rae1 Ne4 15.Be2 f5
16.Bd3 Qh4 17.Ne2 Rf8 18.f3 Ng3 19.Nxg3 Qxg3 20.f4 Rae8 21.Qd2 Qh4 22.Rf3 g6
23.Kh2 Qe7 24.Rg1 Nf6 25.g4 Ne4 26.Qg2 fxg4 27.Qxg4 Kh8 28.h4 Rf5 29.Bxe4 Qxe4
30.Rh3 Qd3 31.Bc1 Qc2+ 32.Kh1 Qe4+ 33.Rg2 Rh5 34.Bd2 Qe6 35.Qxe6 Rxe6 36.Rg5 Rxg5
37.hxg5 Re7 38.Kg2 Rf7 39.Kg3 Kg7 40.Ba5 Rf8 41.Rh2  1/2-1/2

[Event "28th It"]
[Site "Lazarevac YUG"]
[Date "1999.11.13"]
[Round "13"]
[White "Peev,P"]
[Black "Ivanisevic,I"]
[Result "0-1"]
[WhiteElo "2343"]
[BlackElo "2447"]

1.c4 c6 2.Nc3 d5 3.d4 Nf6 4.Nf3 e6 5.Bg5 dxc4 6.e4 b5 7.a4 Qb6 8.Bxf6 gxf6
9.Be2 Bb7 10.O-O Nd7 11.d5 a6 12.dxe6 fxe6 13.Nd4 c5 14.Bh5+ Kd8 15.Ndxb5 axb5
16.axb5 Rxa1 17.Qxa1 Bd6 18.f4 Kc7 19.Qa4 Rd8 20.Qxc4 Kb8 21.Bf7 Qc7 22.g3 Nb6
23.Qxe6 Bc8 24.Qa2 c4 25.Bd5 Qc5+ 26.Kg2 Nxd5 27.exd5 Bb7 28.Rd1 Bc7  0-1

[Event "ESP-chT Div 1"]
[Site "Cala Galdana"]
[Date "1999.11.14"]
[Round "7"]
[White "Vallejo Pons, Francisco"]
[Black "Magem Badals, Jorge"]
[Result "1-0"]
[WhiteElo "2519"]
[BlackElo "2528"]

1.c4 c6 2.d4 d5 3.Nf3 Nf6 4.Nc3 a6 5.Bg5 dxc4 6.a4 h6 7.Bh4 e6 8.e4 b5 9.axb5 cxb5
10.e5 g5 11.exf6 gxh4 12.Ne5 Qxf6 13.Nxb5 Bb4+ 14.Nc3 O-O 15.Bxc4 Bb7 16.O-O Rd8
17.Re1 Qg7 18.g3 Nc6 19.Nxf7 Rxd4 20.Qh5 Rxc4 21.Nxh6+ Kh8 22.Rxe6 Nd4 23.Nf5+ Qh7
24.Rh6 Nf3+ 25.Kf1 Rc7 26.Nxh4 Nxh2+ 27.Kg1 Qxh6 28.Qxh6+ Rh7 29.Qf6+ Kg8
30.Kxh2  1-0

[Event "ch-ARG Najdorf mem"]
[Site "Buenos Aires ARG"]
[Date "1999.11.19"]
[Round "1"]
[White "Panno,O"]
[Black "Rubinetti,J"]
[Result "1/2-1/2"]
[WhiteElo "2454"]
[BlackElo "2432"]

1.c4 c6 2.d4 Nf6 3.Nc3 d5 4.e3 g6 5.Nf3 Bg7 6.Bd3 O-O 7.O-O Bg4 8.h3 Bxf3
9.Qxf3 e6 10.Rd1 Nbd7 11.Bf1 Re8 12.Qe2 Qe7 13.b3 a6 14.a4 Qb4 15.Bd2 Qb6
16.a5 Qd8 17.Be1 Qe7 18.Qa2 Rad8 19.Rab1 h5 20.g3 Nf8 21.Bg2 N8h7 22.b4 dxc4
23.Qxc4 Nd5 24.e4 Nxc3 25.Bxc3 Nf6 26.Rd3 Rd7 27.Bd2 Qf8 28.Rd1 Rc8 29.Bf4  1/2-1/2

[Event "Den Bosch"]
[Site "Hertogenbosch NED"]
[Date "1999.11.24"]
[Round "7"]
[White "Van der Sterren,P"]
[Black "Welling,G"]
[Result "1-0"]
[WhiteElo "2535"]
[BlackElo "2368"]

1.c4 c6 2.b3 d5 3.Bb2 Nf6 4.g3 Bf5 5.Bg2 e6 6.Nf3 h6 7.O-O Be7 8.d3 O-O 9.Nbd2 Nbd7
10.Qc2 a5 11.a3 Bh7 12.Bc3 b5 13.cxb5 cxb5 14.b4 a4 15.Qb2 Qb6 16.Ne5 Nxe5
17.Bxe5 Rac8 18.Nf3 Rfd8 19.Rac1 Ne8 20.Bh3 Kf8 21.Bd4 Qb7 22.Bc5 Nd6 23.Rc2 Rc7
24.Rfc1 Rdc8 25.Qe5 Ne8 26.Nd4 Bg8 27.Qf4  1-0

[Event "Eu Team Ch (women)"]
[Site "Batumi GEO"]
[Date "1999.11.29"]
[Round "1"]
[White "Reizniece,D"]
[Black "Madl,I"]
[Result "0-1"]
[WhiteElo "2294"]
[BlackElo "2435"]

1.c4 c6 2.Nf3 d5 3.e3 Nf6 4.Nc3 e6 5.b3 Bd6 6.Bb2 Nbd7 7.Qc2 Qe7 8.Be2 O-O
9.Rg1 e5 10.g4 Nb6 11.g5 Ne8 12.c5 Bxc5 13.Nxe5 Bd6 14.Nf3 Bh3 15.Bd3 g6
16.Ne2 c5 17.Ng3 Nd7 18.O-O-O Ne5 19.Be2 Rc8 20.Nh4 c4 21.Kb1 cxb3 22.Qxb3 Nc4
23.Bxc4 Rxc4 24.f4 Ng7 25.Nf3 Ne6 26.d3 Rb4 27.Qc3 d4 28.exd4 Nxf4 29.d5 Rxb2+
30.Qxb2 Nxd5 31.Rge1 Qc7 32.Nd4 Be5 33.Nge2 Bg4 34.Rf1 Ne3  0-1

[Event "City-ch"]
[Site "Mar del Plata ARG"]
[Date "1999.11.29"]
[Round "7"]
[White "Palermo,V"]
[Black "Kanefsck,G"]
[Result "1/2-1/2"]
[WhiteElo "2220"]
[BlackElo "2391"]

1.c4 c6 2.d4 d5 3.Nc3 Nf6 4.cxd5 cxd5 5.Bf4 Nc6 6.e3 a6 7.Bd3 Bg4 8.f3 Bh5
9.Nge2 e6 10.O-O Bg6 11.Bg3 Bd6 12.Rc1 O-O 13.Nf4 Rc8 14.Bxg6 hxg6 15.Nd3 Bxg3
16.hxg3 Nd7 17.f4 Na5 18.b3 Qe7  1/2-1/2

[Event "Belgian Interteams 1999-2000"]
[Site "Antwerp BEL"]
[Date "1999.11.??"]
[Round "4"]
[White "Abolianin,A"]
[Black "Johannes,A"]
[Result "1-0"]
[WhiteElo "2252"]
[BlackElo "2155"]

1.c4 c6 2.Nf3 d5 3.b3 Bg4 4.Bb2 e6 5.e3 Nf6 6.Be2 Nbd7 7.O-O Bd6 8.d4 O-O
9.Nbd2 Qe7 10.Ne5 Bxe2 11.Qxe2 Bb4 12.Ndf3 Nxe5 13.Nxe5 Bd6 14.Nd3 a5 15.Rac1 a4
16.c5 Bc7 17.b4 Nd7 18.f4 f5 19.Ba3 Nf6 20.Rc2 Ne4 21.Rb1 g5 22.b5 gxf4 23.exf4 Qf6
24.Qe3 Rf7 25.bxc6 bxc6 26.Rb6 Bxb6 27.cxb6 Rc8 28.Ne5 Rb7 29.Bc5 Kh8 30.g3 Rg7
31.Rg2 Qh6 32.Qe2 Qf6 33.Bb4 Qd8  1-0

[Event "Eu Team Ch (women)"]
[Site "Batumi GEO"]
[Date "1999.12.01"]
[Round "3"]
[White "Pitam,E"]
[Black "Hernandez,Yu"]
[Result "1-0"]
[WhiteElo "2317"]
[BlackElo "2231"]

1.c4 c6 2.Nf3 d5 3.g3 Nf6 4.Bg2 Bf5 5.cxd5 cxd5 6.Qb3 Qc7 7.Nc3 e6 8.d3 Nc6
9.O-O Be7 10.Bf4 Qd7 11.Ne5 Nxe5 12.Bxe5 O-O 13.e4 dxe4 14.dxe4 Bg4 15.h3 Bh5
16.g4 Bg6 17.f4 h5 18.f5 Bh7 19.g5 Ne8 20.Rad1 Qc6 21.h4 Rd8 22.Kh1 Nc7 23.Rc1 Ne8
24.g6 fxg6 25.Nd5 exd5 26.Rxc6 bxc6 27.exd5 cxd5 28.Qb7 Bxh4 29.Bxd5+ Kh8
30.Qb4 Nf6 31.Bf3 g5 32.Bc7 Rc8 33.Bb7 Rce8 34.Bc6 Rc8 35.Bb7 Rce8 36.Bc6 Rc8
37.Qb7 Bg8 38.Rd1 g4 39.b4 Bf7 40.Be5 Rcd8 41.Rd6 Rxd6 42.Bxd6 Rd8 43.Qc7  1-0

[Event "8th Sonnevanck"]
[Site "Wijk aan Zee NED"]
[Date "1999.12.01"]
[Round "2"]
[White "Bosboom,M"]
[Black "Middelburg,T"]
[Result "1-0"]
[WhiteElo "2476"]
[BlackElo "2326"]

1.c4 c6 2.Nf3 d5 3.d4 Nf6 4.Nc3 dxc4 5.e3 b5 6.a4 b4 7.Ne2 Ba6 8.Ng3 Qd5
9.Be2 Nbd7 10.b3 e5 11.O-O exd4 12.Nxd4 Bc5 13.Bb2 c3 14.Bxa6 cxb2 15.Rb1 Bxd4
16.exd4 O-O 17.Rxb2 Rad8 18.Rd2 Nb6 19.Be2 c5 20.a5 Nc8 21.Bf3 Qd7 22.Qc2 Qb5
23.dxc5 Rxd2 24.Qxd2 Qxc5 25.a6 Ne7 26.Rc1 Qb6 27.Bb7 Rd8 28.Qe2 Ned5 29.Qf3 Nc3
30.Re1 Qd4 31.h3 Qd2 32.Re7 Kf8 33.Re5 Qd1+ 34.Kh2 Qxf3 35.Bxf3 g6 36.Nf1 Rd6
37.Bb7 Nd7 38.Ra5 Nb6 39.Ne3 Ke7 40.Rc5 Rd2 41.Kg3 Kd6 42.Rc6+  1-0